01025cam a22003013a 45000010005000000030006000050050017000110080041000280100017000690200025000860200018001110350023001290400028001520500014001800820009001941000020002032450092002232600035003153000040003504900035003905050007004255200164004325210018005965210019006146500031006336550028006647000031006923157FISKH20240214161125.0981102s1998 nyua j 000 1 eng d a 99603966  a0590691252 (pbk.) : a9780439040983 a(OCoLC)ocm40214408 aEOWcEOWdSLCdDLCbeng aPZ7.P915  a413 1 aPreller, James.14aThe case of Hermie the missing hamster /cby James Preller ; illustrated by R.W. Alley. aNew York :bScholastic,c1998. a76 pages :billustrations ;c20 cm.1 aJigsaw Jones mystery ;vBook 1 aN  aThe clever, puzzle-crazy Jigsaw Jones utilizes his top-secret detective journal and enlists the help of his ace partner, Mila, to track down a missing hamster.8 a560 bLexile 8 aN bRaz-Plus  aHamstersvFictionxMystery 7aMystery fiction.2gsafd aAlley, R.W. eillustrator